000 00946nmc a2200301 a 4500
003 AR-BaBNM
005 20251128203256.0
008 037019s1975 ||||||||||||||000 | spa||
040 _cAR-BaBNM
100 1 _aBrembeck, Cole S.
245 1 0 _aAlumno, familia y grupo de padres
_bescuela y socialización
260 _aBuenos Aires
_bPaidós
_c1975
300 0 _a231 p.
490 0 _aBiblioteca del educador contemporáneo. Menor
_vv. 208
500 0 _aContiene un capítulo referido a el boicot de la Northen High School de Detroit
504 _aBibliografía: p. 229-231
650 4 _aFAMILIA
650 4 _aRELACION PADRES-HIJOS
650 4 _aALUMNOS
650 4 _aADOLESCENTES
650 4 _aRELACION FAMILIA-ESCUELA
653 0 _aEDUCACION SECUNDARIA
700 1 _aMerener, Salomón
_etraductor
800 1 _aRomero Brest, Gilda Lamarque de
_edirector
800 1 _aBernstein, Jaime
_edirector
942 _cBK
998 _cSILVI
999 _c2671
_d2671